| 000 | 01127nam a22001577a 4500 | ||
|---|---|---|---|
| 041 | _aukr | ||
| 080 | _a09 | ||
| 090 | _bАНД | ||
| 100 | _aАндрощук Л.М. | ||
| 245 | _aСемантичний аналіз фразеологічних одиниць з топонімічним компонентом | ||
| 260 |
_aОстрог _bКАФ _c2010 |
||
| 300 | _a51 | ||
| 520 |
_aВСТУП
РОЗДІЛ 1 ЗАГАЛЬНІ ПІДХОДИ ДО АНАЛІЗУ ФРАЗЕОЛОГІЧНИХ ОДИНИЦЬ
1.1 Поняття фразеології та фразеологічної одиниці.
1.2 Види фразеологізмів.
РОЗДІЛ 2 СЕМАНТИЧНИЙ АНАЛІЗ ФРАЗЕОЛОГІЧНИХ ОДИНИЦЬ З ТОПОНІМІЧНИМ КОМПОНЕНТОМ
2.1 Топоніми у складі фразеологічних одиниць.
2.2 Класифікація фразеологічних одиниць з топонімічним компонентом.
ВИСНОВКИ _0фразеологічні одиниці, топоніміка |
||
| 650 | _aResearch Papers | ||
| 999 |
_c284221 _d284221 |
||
| 942 | _cBK | ||